Statistics for Swoop Destinations

Click here to take the quiz!

General Stats

  • This quiz has been taken 28 times
  • The average score is 11 of 20

Answer Stats

Destination% Correct
Edmonton
80%
Winnipeg
80%
Cancun
73%
Halifax
67%
Hamilton
67%
Las Vegas
67%
Abbotsford
60%
Orlando
60%
San Diego
60%
Montego Bay
53%
Phoenix
53%
Victoria
53%
Fort Lauderdale
47%
Tampa
47%
Kelowna
40%
London
40%
Puerto Vallarta
40%
Mazatlan
27%
Kamloops
20%
Los Cabos
20%

Score Distribution

Percentile by Number Answered

Percent of People with Each Score

Your Score History

You have not taken this quiz